000 00592nam a2200265Ia 4500
005 20260306164135.0
008 008 260114s9999 xx 000 0 eng d
020 _a9780823269334
037 _aEBOOK
040 _aCRL
040 _beng
040 _cCRL
041 _2eng
041 _aeng
084 _qCRL
100 _aAllen
245 0 _aAesthetics Of Negativity
260 _bFordham University Press
260 _c2016
650 _aPhilosophy
856 _uhttps://academic.oup.com/book/20661
942 _cEBOOK
999 _c1712910
_d1712910